| 000 | 01272cam a2200277 a 4500 | ||
|---|---|---|---|
| 001 | 12245525 | ||
| 005 | 20060815202303.0 | ||
| 008 | 001130s2001 ii ab b 001 0 eng | ||
| 020 | _a0761994750 (cloth) | ||
| 020 | _a0761994769 (pbk.) | ||
| 040 |
_aDLC _cDLC _dDLC |
||
| 082 | 0 | 0 |
_a338.9 _222 _bMEL |
| 100 | 1 |
_aMelkote, Srinivas R., _d1952- _930275 |
|
| 245 | 1 | 0 |
_aCommunication for Development in the Third World : _bTheory and Practice for Empowerment / _cSrinivas R. Melkote, H. Leslie Steeves. |
| 250 | _a2nd ed. | ||
| 260 |
_aNew Delhi ; _aThousand Oaks, CA : _bSage Publications, _c2001. |
||
| 300 |
_a422 p. : _bill., maps ; _c23 cm. |
||
| 504 | _aIncludes bibliographical references (p. [379]-408) and index. | ||
| 650 | 0 |
_aCommunication in economic development _zDeveloping countries. _930276 |
|
| 651 | 0 |
_aDeveloping countries _xEconomic policy. _930277 |
|
| 653 |
_bEco _cJune2012 |
||
| 700 | 1 |
_aSteeves, H. Leslie. _930278 |
|
| 942 |
_2ddc _cBB |
||
| 999 |
_c16805 _d16805 |
||